000 00735nam a2200181Ia 4500
008 100921s9999 xx 000 0 und d
082 _b42647
_a891.462041 थ 83
100 _aजोशी सुधा,मतकरी रत्नाकर,संपा.
245 _aनिवडक मराठी एकांकिका.
260 _bसाहित्य अकादमी,नवी दिल्ली.
_c1983
300 _a283
_b---
365 _b30
520 _aललित-एकांकिका.
630 _aनिवडक मराठी एकांकिका.
650 _aललित-एकांकिका.
730 _aनिवडक मराठी एकांकिका.
942 _cBOOK
999 _c791760
_d791757